UBT Library

Pediatric nutrition handbook / (Record no. 46994)

000 -LEADER
fixed length control field 00782cam a22002534a 4500
001 - CONTROL NUMBER
control field 12978169
005 - DATE AND TIME OF LATEST TRANSACTION
control field 20180810034940.0
008 - FIXED-LENGTH DATA ELEMENTS--GENERAL INFORMATION
fixed length control field 021023s2004 ilua bf 001 0 eng
010 ## - LIBRARY OF CONGRESS CONTROL NUMBER
LC control number 2002114968
020 ## - INTERNATIONAL STANDARD BOOK NUMBER
International Standard Book Number 1581101090
035 ## - SYSTEM CONTROL NUMBER
System control number (DLC) 2002114968
040 ## - CATALOGING SOURCE
Original cataloging agency DLC
Transcribing agency DLC
Modifying agency DLC
041 ## - LANGUAGE CODE
Language code of text/sound track or separate title eng
042 ## - AUTHENTICATION CODE
Authentication code pcc
080 ## - UNIVERSAL DECIMAL CLASSIFICATION NUMBER
Universal Decimal Classification number 613.2/083
082 00 - DEWEY DECIMAL CLASSIFICATION NUMBER
Classification number 613.2/083
Edition number 22
100 ## - Rafti
Rafti 8
101 ## - Shkurtesa
Shkurtesa ped
245 10 - TITLE STATEMENT
Title Pediatric nutrition handbook /
Statement of responsibility, etc Committee on Nutrition, American Academy of Pediatrics ; Ronald E. Kleinman, editor.
504 ## - BIBLIOGRAPHY, ETC. NOTE
Bibliography, etc Includes bibliographical references and index.
906 ## - LOCAL DATA ELEMENT F, LDF (RLIN)
a 7
b cbc
c orignew
d 2
e epcn
f 20
g y-gencatlg
942 ## - ADDED ENTRY ELEMENTS (KOHA)
Source of classification or shelving scheme
Item type Books
Holdings
Withdrawn status Lost status Source of classification or shelving scheme Damaged status Not for loan Collection code Permanent location Current location Shelving location Date acquired Total Checkouts Full call number Barcode Date last seen Price effective from Koha item type
          Koleksioni i përgjithshem UBT - Lipjan UBT - Lipjan Koleksioni i përgjithshem 08/10/2018   613.2083 kle 002-3010811 08/10/2018 08/10/2018 Books
UBT Library © 2015-2024. All rights reserved University Education for Business and Technology